000
00230nam a2200097Ia 4500
008
190216s9999||||xx |||||||||||||| ||und||
100
_a
Kurup K K N
245
0
_a
Cristeliyan Anthasraviyam
260
_b
Bhasha Institute
942
_c
BK
999
_c
38806
_d
38806